Geography Quiz

Random Geography or Blitz Quiz

US States by First 3 Letters Quiz Stats

 Plays Quiz Updated Oct 9, 2017

Challenge
Share
Tweet
Embed
Score 0/50 Timer 01:30
10 Plays Today
State % Correct
New Hampshire
94.6%
New Jersey
94.6%
New Mexico
94.6%
New York
94.6%
Alabama
91.7%
Alaska
91.7%
California
90.9%
North Carolina
89.2%
North Dakota
89.2%
South Carolina
88.7%
South Dakota
88.7%
Florida
84.2%
Mississippi
79.5%
Missouri
79.5%
Washington
79.4%
Texas
78%
Georgia
75.8%
Maine
75.6%
Oregon
74.2%
Arizona
73.5%
Arkansas
70.2%
Hawaii
70.1%
Ohio
69.9%
Colorado
68.4%
Illinois
68.1%
State % Correct
Idaho
67.4%
Montana
67.2%
Kansas
66.8%
Michigan
65.7%
West Virginia
64.7%
Vermont
64.4%
Indiana
64.3%
Massachusetts
64.2%
Iowa
63.6%
Virginia
63.6%
Delaware
63.4%
Nevada
63.3%
Connecticut
63.3%
Kentucky
62.3%
Tennessee
61.9%
Minnesota
61.7%
Louisiana
61.2%
Pennsylvania
61.1%
Utah
59.1%
Rhode Island
58.4%
Wyoming
57.5%
Nebraska
57%
Maryland
56.5%
Wisconsin
56.1%
Oklahoma
56.1%

You're not logged in!

Compare scores with friends on all Sporcle quizzes.
Join for Free
OR
Log In

You Might Also Like...

Show Comments

Extras

Top Quizzes Today


Score Distribution

Your Account Isn't Verified!

In order to create a playlist on Sporcle, you need to verify the email address you used during registration. Go to your Sporcle Settings to finish the process.

Report this User

Report this user for behavior that violates our Community Guidelines.

Details: